000 00831nam a2200253 i 4500
001 C2-0338515
003 PPAK
005 20180728140834.0
008 161108s2016 my |||| ||||| | may d
020 _a9789670876559
040 _aPPAK
_beng
_cPPAK
_erda
082 0 4 _a305.8009595
_223
090 0 0 _a305.8009595
_bKEP
_dG
245 0 0 _aKepelbagaian agama dan etnik dalam pembentukan negara bangsa
264 1 _aSintok, Kedah :
_bUUM Press ,
_c2016
300 _axviii, 216 pages ;
_c23 cm
336 _2rdacontent
_atext
337 _2rdamedia
_aunmediated
338 _2rdacarrier
_avolume
500 _aBibliography pages : 209-211 ; Includes indexes
650 1 0 _aEthnicity - Malaysia. ; Ethnicity - Religious aspects - Islam. ; Malaysia - Ethnic relations.
700 0 _aAfifah Abu Yazid,
_eeditor
942 _ddc
_cB
999 _c135840
_d135840